| 000 | 00641nam a22002417a 4500 | ||
|---|---|---|---|
| 003 | UA-OsUOA | ||
| 001 | 63924 | ||
| 007 | ta | ||
| 008 | 20091026b un ||||| |||| 00| 0 ukr d | ||
| 100 | _aБринский А. | ||
| 090 |
_a821.161.1 _bБ87 |
||
| 942 | _cBK | ||
| 040 |
_aUA-OsUOA _brus _cUA-OsUOA _dUA-OsUOA |
||
| 245 |
_aПо ту сторону Фронта _bВоспоминания партизана |
||
| 300 | _a514 с. | ||
| 955 | _a2 | ||
| 041 | _arus | ||
| 080 | _a821.161.1 | ||
| 260 |
_aМ. _c1961 |
||
| 246 | 3 | 1 |
_a2 _n |
| 650 | 7 |
_a82 Література. Літературознавство _2UDC |
|
| 999 |
_c350070 _d350070 |
||